| 000 | 00635ntaaa2200217 4500 | ||
|---|---|---|---|
| 003 | 01 | ||
| 005 | 20251027202929.0 | ||
| 008 | 0714s1973 ag 01 | ||
| 020 | _a0311010628 | ||
| 040 |
_aAR-BaBN _bspa _cAR-BaBN _eaacr _dRIC |
||
| 082 | _a922.6000 L56e | ||
| 100 |
_aLerín, Olivia S.D. de _920721 |
||
| 245 | _aEnvíame a mi | ||
| 250 | _a1 ed. | ||
| 260 |
_aEl Paso : _bCasa Bautista de Publicaciones, _c1979 |
||
| 300 |
_a45 (48) p ; _cfts. dibujos, mapas : 19 cm |
||
| 500 | _aAventuras de los esposos Davis, fundadores de la Casa Bautista de Publicaciones | ||
| 650 |
_abiografía _91311 |
||
| 650 | _amisiones | ||
| 942 | _cBK | ||
| 999 |
_c24573 _d24573 |
||